Manhattan
Guardat en:
| Autors principals: | , |
|---|---|
| Format: | Llibre |
| Idioma: | espanyol |
| Publicat: |
Barcelona
Tusquets
1981
|
| Edició: | 2a. ed |
| Col·lecció: | Cuadernos Ínfimos, 95
|
| Matèries: | |
| Etiquetes: |
Afegir etiqueta
Sense etiquetes, Sigues el primer a etiquetar aquest registre!
|
MARC
| LEADER | 00000cam a2200000 a 4500 | ||
|---|---|---|---|
| 001 | UCC7794 | ||
| 003 | CL-VaPUC | ||
| 008 | 190505e19810000sp |||||||||||||||||spa|d | ||
| 020 | |a 8472235955 | ||
| 082 | 0 | 4 | |a 791.4309 |b ALL |2 21 |
| 100 | 0 | |a Allen, Woody |e author |9 469540 | |
| 700 | 0 | |a Brickman, Marshall |e author |9 602481 | |
| 245 | 1 | 0 | |a Manhattan |
| 250 | |a 2a. ed | ||
| 300 | |a 138 p | ||
| 942 | |c BK | ||
| 945 | |d 20190505 21:05:00 |a dcastane | ||
| 260 | |a Barcelona |b Tusquets |c 1981 | ||
| 650 | 7 | |a CINE ESTADOUNIDENSE |2 CL-VaPUC |9 449636 | |
| 650 | 0 | |a Directores de cine |9 368705 | |
| 650 | 0 | |a Guiones cinematográficos |9 266811 | |
| 583 | |a last modification |c 20190505 21:05:00 |k Rodrigo Vera | ||
| 490 | 0 | |a Cuadernos Ínfimos, 95 | |
| 999 | |c 374343 |d 374341 | ||
| 952 | |0 0 |1 0 |3 erb |4 0 |6 791_430900000000000_ALL_1981 |7 0 |8 A |9 492847 |a BIBART |b BIBART |i 5545846 |o 791.4309 ALL 1981 |p 5545846 |r 2025-03-13 |w 2019-11-24 |y BK |z Catalogado en:20190505 |k ART | ||